[Event "Ciudad Guayana Morales Memorial U1900"]
[Site "Ciudad Guayana"]
[Date "2016.04.15"]
[Round "3"]
[White "Hernandez Lugo, Arsenio Dario"]
[Black "Corredor Ramirez, Jose Javier"]
[Result "1-0"]
[WhiteElo "1848"]
[BlackElo "1625"]
[PlyCount "93"]
[EventDate "2016.04.15"]
[EventType "swiss"]
[EventRounds "7"]
[EventCountry "VEN"]
[SourceTitle "EXT 2022"]
[Source "ChessBase"]
[SourceDate "2021.10.06"]
[SourceVersion "1"]
[SourceVersionDate "2021.10.06"]
[SourceQuality "1"]

1. d4 d5 2. c4 c6 3. Nc3 Nf6 4. Nf3 Nbd7 5. a4 e6 6. Bg5 h6 7. Bh4 Be7 8. e3 b6 9. cxd5 Nxd5 10. Bxe7 Qxe7 11. Ne4 0-0 12. Rc1 Bb7 13. Bd3 Rac8 14. 0-0 c5 15. Ng3 Nb4 16. Bb1 Bxf3 17. Qxf3 Nf6 18. dxc5 bxc5 19. b3 Rfd8 20. Rfd1 Rxd1+ 21. Rxd1 g6 22. Qf4 Kg7 23. Qc4 Kg8 24. h3 Kg7 25. Ne4 Nxe4 26. Bxe4 Rc7 27. Rc1 h5 28. f4 f5 29. Bf3 Qf6 30. Rd1 Qe7 31. g4 Qh4 32. Qxe6 Re7 33. Rd7 Rxd7 34. Qxd7+ Kg8 35. Qe6+ Kg7 36. gxf5 Qg3+ 37. Bg2 gxf5 38. Qe7+ Kg6 39. Qxc5 Qe1+ 40. Kh2 Na2 41. Qd6+ Kg7 42. Qe7+ Kh8 43. Qf6+ Kg8 44. Bd5+ Kh7 45. Qxf5+ Kg7 46. Qf7+ Kh6 47. Qf8+ 1-0

[Event "Ciudad Guayana Morales Memorial U1900"]
[Site "Ciudad Guayana"]
[Date "2016.04.15"]
[Round "5"]
[White "Hernandez Lugo, Arsenio Dario"]
[Black "Narvaez, Ibrahin Jose"]
[Result "1-0"]
[WhiteElo "1848"]
[BlackElo "1867"]
[PlyCount "129"]
[EventDate "2016.04.15"]
[EventType "swiss"]
[EventRounds "7"]
[EventCountry "VEN"]
[SourceTitle "EXT 2022"]
[Source "ChessBase"]
[SourceDate "2021.10.06"]
[SourceVersion "1"]
[SourceVersionDate "2021.10.06"]
[SourceQuality "1"]

1. d4 d5 2. Nf3 Nf6 3. c4 c6 4. Nc3 e6 5. Bg5 Be7 6. e3 Nbd7 7. a4 0-0 8. Bd3 dxc4 9. Bxc4 Nd5 10. Bxe7 Nxe7 11. 0-0 Ng6 12. Bd3 Qf6 13. Ne4 Qe7 14. Rc1 Rd8 15. Qc2 Nb6 16. a5 Nd5 17. Qc5 e5 18. dxe5 Nxe5 19. Be2 Nxf3+ 20. Bxf3 Qe5 21. Nc3 Qe6 22. Rfd1 Re8 23. Bxd5 cxd5 24. Nxd5 b6 25. axb6 axb6 26. Qxb6 Qxb6 27. Nxb6 Rb8 28. Nxc8 Rexc8 29. Rxc8+ Rxc8 30. b4 Rb8 31. b5 Kf8 32. Rd5 Ke7 33. f4 Ke6 34. e4 g6 35. g4 f6 36. h4 Rc8 37. Kf2 Rc3 38. h5 Rb3 39. hxg6 hxg6 40. g5 fxg5 41. Rxg5 Kf6 42. Rc5 Kf7 43. Rc7+ Ke8 44. Rg7 Rxb5 45. Rxg6 Rb3 46. Rg3 Rb4 47. Kf3 Kf7 48. Rg5 Rb3+ 49. Kg4 Rb1 50. Ra5 Rb6 51. f5 Rb4 52. Kf4 Rb6 53. Ra7+ Ke8 54. e5 Rb5 55. f6 Rc5 56. Kf5 Rb5 57. Re7+ Kf8 58. Rd7 Rb8 59. Rd5 Ra8 60. e6 Re8 61. Rd1 Ra8 62. Rh1 Kg8 63. Kg6 Rd8 64. f7+ Kf8 65. Rh8+ 1-0

[Event "Ciudad Guayana Morales Memorial U1900"]
[Site "Ciudad Guayana"]
[Date "2016.04.15"]
[Round "6"]
[White "Sequera Morales, Jose David"]
[Black "Hernandez Lugo, Arsenio Dario"]
[Result "1-0"]
[WhiteElo "1601"]
[BlackElo "1848"]
[PlyCount "71"]
[EventDate "2016.04.15"]
[EventType "swiss"]
[EventRounds "7"]
[EventCountry "VEN"]
[SourceTitle "EXT 2022"]
[Source "ChessBase"]
[SourceDate "2021.10.06"]
[SourceVersion "1"]
[SourceVersionDate "2021.10.06"]
[SourceQuality "1"]

1. e4 c5 2. Nc3 e6 3. f4 Nc6 4. Nf3 a6 5. a4 b6 6. Bc4 Qc7 7. d3 d6 8. 0-0 Nf6 9. f5 Be7 10. Qe1 0-0 11. fxe6 fxe6 12. Qg3 Kh8 13. Be3 Bd7 14. Ng5 Qc8 15. Qh3 e5 16. Qh4 h6 17. Nf7+ Rxf7 18. Bxf7 Ng4 19. Qe1 Nxe3 20. Qxe3 Nd4 21. Nd5 Bg5 22. Qf2 Be6 23. Nxb6 Qb7 24. Nxa8 Qxa8 25. Bxe6 Nxe6 26. Qf7 Qc8 27. Ra3 Bf6 28. Rb3 Nf4 29. Rb7 Qg4 30. Rxf4 exf4 31. Qf8+ Kh7 32. Qxf6 Qd1+ 33. Kf2 Qxc2+ 34. Kf3 Qxd3+ 35. Kg4 h5+ 36. Kf5 1-0